|
|
|
|
| LEADER |
01193nam a2200253 a 4500 |
| 001 |
GR-MES15191 |
| 008 |
921030s1977 gr 000 0 gre d |
| 040 |
|
|
|a GrPaTEI
|b gre
|c GR-PaULI
|
| 040 |
|
|
|a GrPaTEI
|b gre
|c GR-PaULI
|
| 044 |
|
|
|b gr
|
| 082 |
|
0 |
|a 306.2
|2 21
|
| 100 |
1 |
|
|a Τερλεξής, Πανταζής
|
| 245 |
1 |
2 |
|a Ο αυταρχικός άνθρωπος :
|b Ψυχολογική και κοινωνική βάση της πολιτικής συμπεριφοράς /
|c Πανταζή Τερλεξή.
|
| 250 |
|
|
|a 2η έκδ.
|
| 260 |
|
|
|a Αθήνα :
|b Παπαζήσης,
|c 1975
|
| 300 |
|
|
|a 187 σ. ;
|c 26 εκ.
|
| 504 |
|
|
|a Περιλαμβάνει βιβλιογραφία.
|
| 650 |
|
4 |
|a Αυταρχισμός (Χαρακτηριστικό προσωπικότητας)
|
| 650 |
|
4 |
|a ΚΟΙΝΩΝΙΚΟΠΟΙΗΣΗ
|
| 650 |
|
4 |
|a Πολιτική κοινωνιολογία
|
| 942 |
|
|
|2 ddc
|
| 971 |
|
|
|a .b25812403
|b 16-04-20
|c 13-09-16
|
| 999 |
|
|
|c 158025
|d 158025
|
| 952 |
|
|
|0 0
|1 0
|2 ddc
|4 0
|6 306_200000000000000_ΤΕΡ
|7 0
|9 273012
|a MSLG
|b MSLG
|c BSC
|d 2021-01-17
|e 24
|f 0
|g 0.00
|l 0
|o 306.2 ΤΕΡ
|p 2420000023722
|r 2021-01-17
|t 1
|w 2021-01-17
|y BK15
|x 20090513 0 ΤΣΑΝΤΑΡΛΙΩΤΗ 1
|x GrPaTEI
|